Countries with the Most Portuguese Speakers - Statistics

General Stats
  • This quiz has been taken 106 times
    33 since last reset
  • The average score is 17 of 23
Answer Stats
Portuguese Speakers Country % Correct
203,000,000 Brazil
100%
10,022,070 Portugal
96%
23,800,000 Angola
93%
221,540 Canada
93%
1,154,577 United States
93%
251,497 Spain
89%
236,185 United Kingdom
89%
1,089,497 France
82%
166,000 Germany
79%
15,300 Mexico
79%
5,260,000 Mozambique
79%
67,327 Australia
75%
297,097 Switzerland
75%
72,715 Belgium
68%
43,985 Ireland
68%
47,848 Netherlands
68%
3,197 Austria
57%
11,800 Cape Verde
57%
86,598 Luxembourg
54%
667,680 Guinea-Bissau
50%
214,000 São Tomé and Príncipe
50%
12,000 India
46%
10,760 Andorra
36%
No matching quizzes found
Score Distribution
Percent of People with Each Score
Percentile by Number Answered
Your Score History
You have not taken this quiz since the last reset